Coffee - Chappell Roan (All Lyrics) - Statistics

General Stats
  • This quiz has been taken 72 times
  • The average score is 200 of 226
Answer Stats
Lyrics % Correct
be
100%
'cause
100%
'Cause
100%
coffee,
100%
coffee
100%
I
100%
if
100%
If
100%
I'll
100%
it
100%
me
100%
me,
100%
wine
100%
you
100%
you,
100%
You
100%
a
97%
for
97%
love
97%
meet
97%
Meet
97%
place,
97%
place
97%
that
97%
That
97%
the
97%
we
97%
at
93%
but
93%
But
93%
fine
93%
it's
93%
It's
93%
just
93%
lie
93%
on
93%
say
93%
your
93%
and
90%
And
90%
didn't
90%
do
90%
have
90%
know
90%
met
90%
never
90%
only
90%
so
90%
So
90%
to
90%
Where
90%
where
90%
would
90%
back
86%
dinner
86%
Italian
86%
leads,
86%
leads
86%
let's
86%
not
86%
some
86%
that's
86%
don't
83%
even
83%
every
83%
gets
83%
is
83%
park,
83%
park
83%
were
83%
You'll
83%
Can't
79%
dark
79%
drink
79%
family,
79%
I'd
79%
need
79%
safe,
79%
said
79%
try
79%
all,
76%
anymore
76%
before
76%
else
76%
forbid
76%
God
76%
Nowhere
76%
this
76%
time
76%
want
76%
you're
76%
give
72%
sorry,
72%
We've
72%
words
72%
bar
69%
better
69%
done
69%
exchanged
69%
leave
69%
You'd
69%
buy
66%
may
66%
nothing
66%
rather
66%
Street,
66%
than
66%
true,
66%
trust
66%
something
62%
excuses
59%
feel
59%
jazz
55%
suggest
55%
Ann
52%
come
52%
fuel
52%
Here
52%
Mary
52%
illusions
45%
No matching quizzes found
Score Distribution
Percent of People with Each Score
Percentile by Number Answered
Your Score History
You have not taken this quiz